| 000 | 00000cam 2200000zi 4500 |
| 001 | 9.892316 |
| 003 | CaOODSP |
| 005 | 20260225083827 |
| 006 | m o d f |
| 007 | cr ||||||||||| |
| 008 | 201009m20212020quc o f000 0 fre d |
| 040 | |aCaOODSP|bfre|erda|cCaOODSP |
| 043 | |an-cn--- |
| 086 | 1 |aP29-4-3-24-2020F-PDF |
| 245 | 00|aCarburéacteur d'aviation (grades militaires F-34, F-37 et F-44). |
| 250 | |a[Édition de janvier 2021]. |
| 264 | 1|aGatineau (Québec) Canada : |bOffice des normes générales du Canada : |bConseil canadien des normes, |c2020, 2021. |
| 264 | 4|c©2020 |
| 300 | |a1 ressource en ligne (i, 20 pages). |
| 336 | |atexte|btxt|2rdacontent/fre |
| 337 | |ainformatique|bc|2rdamedia/fre |
| 338 | |aressource en ligne|bcr|2rdacarrier/fre |
| 490 | 1 |aNorme nationale du Canada ; |vCAN/CGSB-3.24-2020 |
| 500 | |a« Octobre 2020. » |
| 500 | |a« Rectificatif no. 1, Janvier 2021. » |
| 500 | |a« Expérience et excellence » -- Couverture. |
| 500 | |aRemplace CGSB-3.24-2019 et le rectificatif no 1 de mai 2019. |
| 500 | |aPublié aussi en anglais sous le titre : Aviation turbine fuel (military grades F-34, F-37 and F-44). |
| 520 | |a« La présente norme s'applique à trois grades de carburéacteur d'aviation (grades militaires F-34, F-37 son équivalent et F‑44) constitués d'hydrocarbures classiques, d'hydrocarbures synthétiques, de produits d'origine naturelle autres que des hydrocarbures de pétrole et des additifs indiqués dans la présente norme » -- Objet, page 1. |
| 650 | 6|aAvions à reaction|xCarburants|xNormes|zCanada. |
| 710 | 2 |aOffice des normes générales du Canada, |eorganisme de publication. |
| 710 | 2 |aConseil canadien des normes, |eorganisme de publication. |
| 775 | 08|tAviation turbine fuel (military grades F-34, F-37 and F-44).|w(CaOODSP)9.892313 |
| 794 | |tCarburéacteur d'aviation (grades militaires F-34, F-37 et F-44).|b[Édition d'octobre 2023]|w(CaOODSP)9.929646 |
| 795 | |tCarburéacteur d'aviation (grades militaires F-34, F-37 et F-44) / |b[Édition de mai 2019]|w(CaOODSP)9.872037 |
| 830 | #0|aNorme nationale du Canada ;|vCAN/CGSB-3.24-2020.|w(CaOODSP)9.504227 |
| 856 | 40|qPDF|s1.24 Mo|uhttps://publications.gc.ca/collections/collection_2021/ongc-cgsb/P29-4-3-24-2020-1-fra.pdf|zNorme avec Rectificatif No 1 (Janvier 2021) |
| 986 | |aICS 75.160.20 |